000 00988 a2200217 4500
001 47162
005 20260407155740.0
008 260407a1992 arg spa d
003 AR-UNSa-BCEJYS
040 _aAR-UNSa-BCEJYS
_bspa
_cAR-UNSa-BCEJYS
080 _a338.23:336.74
_xPolítica monetaria
245 1 0 _aBreve tratado sobre la Reforma Monetaria
264 1 _aMéxico :
_bFondo de Cultura Económica
_c1992
300 _a206 p.
_c21 cm.
505 _a1. Las consecuencias sociales de las variaciones en el valor del dinero - 2. Las finanzas públicas y el valor de la moneda - 3. Las teorías del dinero y los cambios de divisas - 4. Diversos objetivos de la política monetaria - 5. Propuestas concretas para la futura regulación -
942 _cBK
590 _aniveau_biblio:m niveau_hierar:0
100 1 _aRodríguez Braun, Carlos
700 1 _aKeynes, John Maynard
856 4 1 _uhttps://www.biblioeco.unsa.edu.ar/pmb/images/libros/L127410.jpg
_yImagen de portada
_qimage/jpeg
999 _c4303
_d4303